| 000 | 00933nam a2200265Ia 4500 | ||
|---|---|---|---|
| 003 | OSt | ||
| 005 | 20220923225413.0 | ||
| 006 | a|||||r|||| 00| 0 | ||
| 007 | ta | ||
| 008 | 220922b |||||||| |||| 00| 0 san d | ||
| 020 | _c350 | ||
| 024 | _a266,260 | ||
| 037 |
_b54, 12/06/2012, Eastern Book Linkers _cTextual |
||
| 040 |
_aARTS _cARTS _bsan |
||
| 041 |
_2san _asan |
||
| 082 | _aQ11:21x, 152Q2 | ||
| 100 | _aचौबे, व्रजबिहारी | ||
| 245 | 0 | _aऋक्सूक्तमणिमाला | |
| 246 | _aṚuksūktamaṇimālā | ||
| 260 |
_aहोशियारपुर _b काप्यायन वैदिक साहित्य प्रकाशन _c2010 |
||
| 300 |
_a464पृ0 _ccm. |
||
| 650 | _aधर्म | ||
| 942 |
_hQ11:21x, 152Q2 _cTEXL _2CC |
||
| 999 |
_c378019 _d378019 |
||